000 00498nam a2200181 a 4500
005 20140310183544.0
008 110928s19uu xx 00 eng d
020 _a9780071736992
050 _aPN 161
_b.B458 2011
100 _aBender, Sheila
245 _aCreative writing :
_bdemystified /
_cSheila Bender.
260 _aNew York :
_bMcGraw-Hill,
_c2011.
300 _a230 p. :
_c24 cm.
500 _aIncludes index.
650 _aCreative writing.
942 _cBK
_2lcc
_kFOR
999 _c24853
_d24853